[Event "DVM U12 2022"]
[Site "München GER"]
[Date "2022.12.27"]
[Round "2"]
[White "Allen, Phillipp"]
[Black "Ollhoff, Hannes"]
[Result "1/2-1/2"]
[Termination "normal"]
[Board "2.2"]
[WhiteElo "1588"]
[BlackElo "1247"]
[WhiteClock "01:16:46"]
[BlackClock "00:19:41"]
[WhiteTeam "SV Erkenschwick 1923"]
[BlackTeam "TSG Oberschöneweide"]
[PlyCount "149"]
[WhiteFideId "16272846"]
[BlackFideId "16266927"]
[EventCountry "GER"]
[EventRounds "7"]
[EventType "team-swiss"]
[EventDate "2022.12.26"]

1. e4 {[%clk 01:30:57]} {[%emt 00:00:03]} e6 {[%clk 01:30:47]} {[%emt
00:00:13]} 2. d4 {[%clk 01:31:24]} {[%emt 00:00:04]} d5 {[%clk 01:31:03]}
{[%emt 00:00:13]} 3. exd5 {[%clk 01:31:50]} {[%emt 00:00:04]} exd5 {[%clk
01:31:23]} {[%emt 00:00:10]} 4. Bd3 {[%clk 01:32:15]} {[%emt 00:00:06]} Bd6
{[%clk 01:31:15]} {[%emt 00:00:37]} 5. Nf3 {[%clk 01:32:16]} {[%emt 00:00:29]}
Nc6 {[%clk 01:30:57]} {[%emt 00:00:47]} 6. O-O {[%clk 01:32:36]} {[%emt
00:00:10]} Bg4 {[%clk 01:28:42]} {[%emt 00:02:45]} 7. Re1 {[%clk 01:32:41]}
{[%emt 00:00:25]} Nge7 {[%clk 01:28:44]} {[%emt 00:00:28]} 8. c3 {[%clk
01:33:01]} {[%emt 00:00:10]} Qd7 {[%clk 01:27:58]} {[%emt 00:01:15]} 9. b4
{[%clk 01:32:33]} {[%emt 00:00:58]} a6 {[%clk 01:26:22]} {[%emt 00:02:05]} 10.
Nbd2 {[%clk 01:31:53]} {[%emt 00:01:10]} O-O {[%clk 01:25:28]} {[%emt
00:01:24]} 11. h3 {[%clk 01:32:18]} {[%emt 00:00:06]} Bf5 {[%clk 01:21:59]}
{[%emt 00:03:58]} 12. Nb3 {[%clk 01:31:40]} {[%emt 00:01:08]} Rfe8 {[%clk
01:20:09]} {[%emt 00:02:21]} 13. Nc5 {[%clk 01:28:57]} {[%emt 00:03:13]} Bxc5
{[%clk 01:17:55]} {[%emt 00:02:43]} 14. dxc5 {[%clk 01:28:56]} {[%emt
00:00:31]} Rad8 {[%clk 01:14:30]} {[%emt 00:03:55]} 15. Nd4 {[%clk 01:28:16]}
{[%emt 00:01:10]} Nxd4 {[%clk 01:10:40]} {[%emt 00:04:20]} 16. cxd4 {[%clk
01:28:35]} {[%emt 00:00:11]} Bxd3 {[%clk 01:08:47]} {[%emt 00:02:24]} 17. Qxd3
{[%clk 01:28:47]} {[%emt 00:00:17]} Qf5 {[%clk 01:07:09]} {[%emt 00:02:10]} 18.
Qb1 {[%clk 01:23:39]} {[%emt 00:05:38]} Qf6 {[%clk 01:00:48]} {[%emt 00:06:50]}
19. Qd3 {[%clk 01:23:00]} {[%emt 00:01:08]} Qf5 {[%clk 01:00:34]} {[%emt
00:00:44]} 20. Qxf5 {[%clk 01:23:23]} {[%emt 00:00:08]} Nxf5 {[%clk 01:00:56]}
{[%emt 00:00:09]} 21. Be3 {[%clk 01:22:00]} {[%emt 00:01:52]} Re4 {[%clk
00:59:14]} {[%emt 00:02:12]} 22. Rad1 {[%clk 01:19:47]} {[%emt 00:02:44]} Rde8
{[%clk 00:57:06]} {[%emt 00:02:38]} 23. Rd3 {[%clk 01:20:01]} {[%emt 00:00:16]}
Nxd4 {[%clk 00:43:12]} {[%emt 00:14:24]} 24. Red1 {[%clk 01:17:13]} {[%emt
00:03:17]} Nf5 {[%clk 00:39:34]} {[%emt 00:04:08]} 25. Rxd5 {[%clk 01:16:45]}
{[%emt 00:00:58]} Nxe3 {[%clk 00:38:38]} {[%emt 00:01:27]} 26. fxe3 {[%clk
01:17:02]} {[%emt 00:00:13]} Kf8 {[%clk 00:32:46]} {[%emt 00:06:22]} 27. Rd7
{[%clk 01:15:31]} {[%emt 00:02:01]} R4e7 {[%clk 00:31:52]} {[%emt 00:01:24]}
28. Rxe7 {[%clk 01:14:24]} {[%emt 00:01:37]} Kxe7 {[%clk 00:30:07]} {[%emt
00:02:13]} 29. Kf2 {[%clk 01:14:39]} {[%emt 00:00:15]} Rd8 {[%clk 00:28:45]}
{[%emt 00:01:52]} 30. Rxd8 {[%clk 01:11:57]} {[%emt 00:03:13]} Kxd8 {[%clk
00:29:09]} {[%emt 00:00:06]} 31. e4 {[%clk 01:10:22]} {[%emt 00:02:04]} Kd7
{[%clk 00:25:46]} {[%emt 00:03:52]} 32. Ke3 {[%clk 01:09:13]} {[%emt 00:01:40]}
Kc6 {[%clk 00:18:22]} {[%emt 00:07:54]} 33. Kd4 {[%clk 01:07:39]} {[%emt
00:02:05]} Kb5 {[%clk 00:17:40]} {[%emt 00:01:11]} 34. Kd5 {[%clk 01:06:51]}
{[%emt 00:01:19]} Kxb4 {[%clk 00:14:35]} {[%emt 00:03:35]} 35. c6 {[%clk
01:07:02]} {[%emt 00:00:19]} b5 {[%clk 00:13:23]} {[%emt 00:01:42]} 36. e5
{[%clk 01:06:30]} {[%emt 00:01:01]} Ka3 {[%clk 00:11:58]} {[%emt 00:01:55]} 37.
e6 {[%clk 01:06:46]} {[%emt 00:00:15]} fxe6 {[%clk 00:10:29]} {[%emt 00:01:59]}
38. Kxe6 {[%clk 01:07:06]} {[%emt 00:00:09]} Kxa2 {[%clk 00:10:12]} {[%emt
00:00:47]} 39. Kd7 {[%clk 01:07:28]} {[%emt 00:00:08]} b4 {[%clk 00:10:19]}
{[%emt 00:00:23]} 40. Kxc7 {[%clk 01:07:52]} {[%emt 00:00:07]} b3 {[%clk
00:10:25]} {[%emt 00:00:23]} 41. Kd8 {[%clk 01:08:05]} {[%emt 00:00:16]} b2
{[%clk 00:10:13]} {[%emt 00:00:42]} 42. c7 {[%clk 01:08:21]} {[%emt 00:00:14]}
b1=Q {[%clk 00:10:30]} {[%emt 00:00:13]} 43. c8=Q {[%clk 01:08:43]} {[%emt
00:00:09]} Qb6 {[%clk 00:09:40]} {[%emt 00:01:18]} 44. Ke8 {[%clk 01:07:32]}
{[%emt 00:01:37]} Qe3 {[%clk 00:06:55]} {[%emt 00:03:19]} 45. Kf8 {[%clk
01:07:21]} {[%emt 00:00:43]} Qf2 {[%clk 00:04:47]} {[%emt 00:02:37]} 46. Kg8
{[%clk 01:06:47]} {[%emt 00:01:04]} Qe2 {[%clk 00:02:11]} {[%emt 00:03:06]} 47.
Qc6 {[%clk 01:05:46]} {[%emt 00:01:32]} Qb5 {[%clk 00:01:12]} {[%emt 00:01:27]}
48. Qc2 {[%clk 01:04:18]} {[%emt 00:01:59]} Qb2 {[%clk 00:01:12]} {[%emt
00:00:31]} 49. Qa4 {[%clk 01:00:43]} {[%emt 00:04:05]} Qa3 {[%clk 00:01:36]}
{[%emt 00:00:06]} 50. Qxa3 {[%clk 01:00:40]} {[%emt 00:00:34]} Kxa3 {[%clk
00:02:01]} {[%emt 00:00:05]} 51. Kxg7 {[%clk 01:01:04]} {[%emt 00:00:07]} h5
{[%clk 00:00:52]} {[%emt 00:01:38]} 52. Kh6 {[%clk 00:57:46]} {[%emt 00:03:48]}
a5 {[%clk 00:00:57]} {[%emt 00:00:25]} 53. Kxh5 {[%clk 00:57:43]} {[%emt
00:00:33]} a4 {[%clk 00:01:21]} {[%emt 00:00:06]} 54. g4 {[%clk 00:58:03]}
{[%emt 00:00:10]} Kb4 {[%clk 00:01:09]} {[%emt 00:00:42]} 55. g5 {[%clk
00:57:05]} {[%emt 00:01:29]} a3 {[%clk 00:01:33]} {[%emt 00:00:06]} 56. g6
{[%clk 00:57:30]} {[%emt 00:00:05]} a2 {[%clk 00:01:55]} {[%emt 00:00:07]} 57.
g7 {[%clk 00:57:45]} {[%emt 00:00:16]} a1=Q {[%clk 00:02:20]} {[%emt 00:00:05]}
58. g8=Q {[%clk 00:58:02]} {[%emt 00:00:13]} Qe5 {[%clk 00:01:56]} {[%emt
00:00:53]} 59. Qg5 {[%clk 00:57:19]} {[%emt 00:01:13]} Qe8 {[%clk 00:00:58]}
{[%emt 00:01:26]} 60. Kg4 {[%clk 00:53:21]} {[%emt 00:04:31]} Qe2 {[%clk
00:00:43]} {[%emt 00:00:44]} 61. Kh4 {[%emt 00:01:17]} Qf2 {[%clk 00:00:31]}
{[%emt 00:00:41]} 62. Kh5 {[%clk 00:51:46]} {[%emt 00:01:21]} Qf7 {[%clk
00:00:32]} {[%emt 00:00:28]} 63. Qg6 {[%clk 00:51:32]} {[%emt 00:00:45]} Qd5
{[%clk 00:29:41]} {[%emt 00:01:20]} 64. Kh6 {[%clk 01:19:37]} {[%emt 00:02:26]}
Qd2 {[%clk 00:29:18]} {[%emt 00:00:51]} 65. Kh5 {[%clk 01:17:26]} {[%emt
00:02:42]} Qd5 {[%clk 00:28:34]} {[%emt 00:01:12]} 66. Kh4 {[%clk 01:17:46]}
{[%emt 00:00:10]} Qd8 {[%clk 00:27:50]} {[%emt 00:01:16]} 67. Qg5 {[%clk
01:18:11]} {[%emt 00:00:06]} Qh8 {[%clk 00:27:43]} {[%emt 00:00:36]} 68. Kg4
{[%clk 01:18:35]} {[%emt 00:00:06]} Qc8 {[%clk 00:27:26]} {[%emt 00:00:46]} 69.
Qf5 {[%clk 01:19:03]} {[%emt 00:00:04]} Qg8 {[%clk 00:26:46]} {[%emt 00:01:09]}
70. Kf3 {[%clk 01:18:36]} {[%emt 00:00:58]} Qh8 {[%clk 00:21:25]} {[%emt
00:05:50]} 71. Qb1 {[%clk 01:17:43]} {[%emt 00:01:22]} Ka3 {[%clk 00:20:00]}
{[%emt 00:01:55]} 72. Qd3 {[%clk 01:16:55]} {[%emt 00:01:20]} Ka4 {[%clk
00:19:29]} {[%emt 00:01:00]} 73. Qa6 {[%clk 01:16:40]} {[%emt 00:00:45]} Kb4
{[%clk 00:19:34]} {[%emt 00:00:23]} 74. Qb6 {[%clk 01:16:54]} {[%emt 00:00:18]}
Ka4 {[%clk 00:19:41]} {[%emt 00:00:22]} 75. Qc6 {[%clk 01:16:46]} {[%emt
00:00:39]} 1/2-1/2

[Event "DVM U12 2022"]
[Site "München GER"]
[Date "2022.12.27"]
[Round "2"]
[White "Schriefer, Leo Hans"]
[Black "Schwitkowski, Luka"]
[Result "1-0"]
[Termination "normal"]
[Board "2.3"]
[WhiteElo "1048"]
[BlackElo "1539"]
[WhiteClock "00:24:47"]
[BlackClock "00:02:09"]
[WhiteTeam "TSG Oberschöneweide"]
[BlackTeam "SV Erkenschwick 1923"]
[PlyCount "71"]
[WhiteFideId "16266935"]
[BlackFideId "34610669"]
[EventCountry "GER"]
[EventRounds "7"]
[EventType "team-swiss"]
[EventDate "2022.12.26"]

1. e4 {[%clk 01:30:59]} c5 {[%clk 01:30:56]} {[%emt 00:00:05]} 2. Nc3 {[%clk
01:31:27]} {[%emt 00:00:02]} a6 {[%clk 01:31:20]} {[%emt 00:00:06]} 3. a4
{[%clk 01:30:43]} {[%emt 00:01:14]} d6 {[%clk 01:30:55]} {[%emt 00:00:54]} 4.
f4 {[%clk 01:31:02]} {[%emt 00:00:11]} e6 {[%clk 01:31:12]} {[%emt 00:00:14]}
5. Nf3 {[%clk 01:31:24]} {[%emt 00:00:07]} Nc6 {[%clk 01:31:40]} {[%emt
00:00:01]} 6. Bc4 {[%clk 01:31:45]} {[%emt 00:00:09]} Nf6 {[%clk 01:31:51]}
{[%emt 00:00:19]} 7. d3 {[%clk 01:31:52]} {[%emt 00:00:24]} Be7 {[%clk
01:32:11]} {[%emt 00:00:09]} 8. O-O {[%clk 01:32:11]} {[%emt 00:00:10]} d5
{[%clk 01:21:42]} {[%emt 00:11:00]} 9. Bb3 {[%clk 01:30:35]} {[%emt 00:02:05]}
d4 {[%clk 01:21:35]} {[%emt 00:00:39]} 10. Ne2 {[%clk 01:30:30]} {[%emt
00:00:34]} O-O {[%clk 01:21:45]} {[%emt 00:00:21]} 11. Qe1 {[%clk 01:29:46]}
{[%emt 00:01:11]} Re8 {[%clk 01:21:43]} {[%emt 00:00:34]} 12. Ng3 {[%clk
01:26:01]} {[%emt 00:04:15]} Rb8 {[%clk 01:21:00]} {[%emt 00:01:12]} 13. e5
{[%clk 01:25:40]} {[%emt 00:00:53]} Nd5 {[%clk 01:21:11]} {[%emt 00:00:19]} 14.
Ne4 {[%clk 01:25:08]} {[%emt 00:00:54]} b5 {[%clk 01:14:25]} {[%emt 00:07:18]}
15. axb5 {[%clk 01:18:58]} {[%emt 00:06:46]} axb5 {[%clk 01:13:24]} {[%emt
00:01:31]} 16. Bd2 {[%clk 01:16:49]} {[%emt 00:02:35]} Bf8 {[%clk 00:49:50]}
{[%emt 00:24:07]} 17. Qg3 {[%clk 01:15:03]} {[%emt 00:02:09]} Be7 {[%clk
00:47:20]} {[%emt 00:03:07]} 18. Qf2 {[%clk 01:10:25]} {[%emt 00:05:05]} Bb7
{[%clk 00:40:04]} {[%emt 00:07:48]} 19. g4 {[%clk 01:08:54]} {[%emt 00:02:01]}
Bc8 {[%clk 00:36:11]} {[%emt 00:04:23]} 20. g5 {[%clk 01:08:32]} {[%emt
00:00:52]} Rb6 {[%clk 00:25:26]} {[%emt 00:11:14]} 21. h4 {[%clk 01:07:14]}
{[%emt 00:01:49]} Ra6 {[%clk 00:20:03]} {[%emt 00:05:53]} 22. Kh2 {[%clk
01:05:57]} {[%emt 00:01:38]} Rxa1 {[%clk 00:18:46]} {[%emt 00:01:56]} 23. Rxa1
{[%clk 01:06:16]} {[%emt 00:00:10]} Bb7 {[%clk 00:19:15]} {[%emt 00:00:02]} 24.
Rg1 {[%clk 01:06:02]} {[%emt 00:00:42]} Kh8 {[%clk 00:18:45]} {[%emt 00:01:01]}
25. h5 {[%clk 01:04:26]} {[%emt 00:02:06]} Rg8 {[%clk 00:18:06]} {[%emt
00:01:09]} 26. g6 {[%clk 01:03:53]} {[%emt 00:01:03]} fxg6 {[%clk 00:18:19]}
{[%emt 00:00:17]} 27. hxg6 {[%clk 01:04:11]} {[%emt 00:00:12]} Qe8 {[%clk
00:13:52]} {[%emt 00:04:56]} 28. Nd6 {[%clk 00:47:10]} {[%emt 00:17:32]} Bxd6
{[%clk 00:12:17]} {[%emt 00:02:05]} 29. exd6 {[%clk 00:46:44]} {[%emt
00:00:56]} h6 {[%clk 00:12:39]} {[%emt 00:00:08]} 30. Qh4 {[%clk 00:45:47]}
{[%emt 00:01:12]} Qd7 {[%clk 00:10:34]} {[%emt 00:02:49]} 31. Bxd5 {[%clk
00:27:08]} {[%emt 00:19:10]} exd5 {[%clk 00:11:02]} {[%emt 00:00:03]} 32. f5
{[%clk 00:25:52]} {[%emt 00:01:46]} Re8 {[%clk 00:05:55]} {[%emt 00:05:36]} 33.
f6 {[%clk 00:24:27]} {[%emt 00:01:54]} Re2 {[%clk 00:05:26]} {[%emt 00:01:00]}
34. Kh1 {[%clk 00:24:34]} {[%emt 00:00:21]} gxf6 {[%clk 00:02:18]} {[%emt
00:03:41]} 35. Qxh6 {[%clk 00:24:35]} {[%emt 00:00:27]} Kg8 {[%clk 00:02:09]}
{[%emt 00:00:40]} 36. g7 {[%clk 00:24:47]} {[%emt 00:00:18]} 1-0

[Event "DVM U12 2022"]
[Site "München GER"]
[Date "2022.12.27"]
[Round "2"]
[White "Al Marawi, Yousef"]
[Black "Schucht, Adrian"]
[Result "1/2-1/2"]
[Termination "normal"]
[Board "2.4"]
[WhiteElo "1545"]
[BlackElo "1235"]
[WhiteClock "00:34:18"]
[BlackClock "01:01:57"]
[WhiteTeam "SV Erkenschwick 1923"]
[BlackTeam "TSG Oberschöneweide"]
[PlyCount "44"]
[WhiteFideId "34607420"]
[BlackFideId "34605061"]
[EventCountry "GER"]
[EventRounds "7"]
[EventType "team-swiss"]
[EventDate "2022.12.26"]

1. e4 {[%clk 01:30:59]} e5 {[%clk 01:30:52]} {[%emt 00:00:08]} 2. Nf3 {[%clk
01:31:25]} {[%emt 00:00:04]} Nc6 {[%clk 01:31:15]} {[%emt 00:00:07]} 3. Bb5
{[%clk 01:31:47]} {[%emt 00:00:08]} a6 {[%clk 01:31:32]} {[%emt 00:00:13]} 4.
Ba4 {[%clk 01:32:12]} {[%emt 00:00:06]} Nf6 {[%clk 01:31:30]} {[%emt 00:00:32]}
5. d3 {[%clk 01:29:54]} {[%emt 00:02:48]} b5 {[%clk 01:30:17]} {[%emt
00:01:42]} 6. Bb3 {[%clk 01:30:15]} {[%emt 00:00:10]} d6 {[%clk 01:30:18]}
{[%emt 00:00:29]} 7. c3 {[%clk 01:30:16]} {[%emt 00:00:29]} Be7 {[%clk
01:27:39]} {[%emt 00:03:08]} 8. O-O {[%clk 01:29:14]} {[%emt 00:01:33]} Na5
{[%clk 01:25:53]} {[%emt 00:02:15]} 9. Bc2 {[%clk 01:29:17]} {[%emt 00:00:27]}
c5 {[%clk 01:26:02]} {[%emt 00:00:21]} 10. Re1 {[%clk 01:27:00]} {[%emt
00:02:48]} O-O {[%clk 01:24:46]} {[%emt 00:01:45]} 11. Nbd2 {[%clk 01:23:51]}
{[%emt 00:03:40]} Be6 {[%clk 01:22:31]} {[%emt 00:02:45]} 12. Nf1 {[%clk
01:18:32]} {[%emt 00:05:49]} Rc8 {[%clk 01:17:25]} {[%emt 00:05:36]} 13. Ng5
{[%clk 01:07:08]} {[%emt 00:11:54]} Nd7 {[%clk 01:14:35]} {[%emt 00:03:20]} 14.
Nxe6 {[%emt 00:03:22]} fxe6 {[%clk 01:14:12]} {[%emt 00:00:49]} 15. b4 {[%clk
00:59:16]} {[%emt 00:05:34]} cxb4 {[%clk 01:11:19]} {[%emt 00:03:22]} 16. cxb4
{[%clk 00:58:15]} {[%emt 00:01:32]} Qc7 {[%clk 01:09:18]} {[%emt 00:02:31]} 17.
Bb3 {[%clk 00:53:01]} {[%emt 00:05:43]} Nxb3 {[%clk 01:07:58]} {[%emt
00:01:50]} 18. Qxb3 {[%clk 00:52:53]} {[%emt 00:00:38]} Kf7 {[%clk 01:07:03]}
{[%emt 00:01:25]} 19. Ne3 {[%clk 00:48:06]} {[%emt 00:05:17]} Qc3 {[%clk
01:05:30]} {[%emt 00:02:02]} 20. Qxc3 {[%clk 00:38:06]} {[%emt 00:10:31]} Rxc3
{[%clk 01:05:49]} {[%emt 00:00:11]} 21. Rd1 {[%clk 00:37:28]} {[%emt 00:01:07]}
Bg5 {[%clk 01:02:58]} {[%emt 00:03:21]} 22. Bb2 {[%clk 00:34:18]} {[%emt
00:03:40]} Rc6 {[%clk 01:01:57]} {[%emt 00:01:31]} 1/2-1/2

[Event "DVM U12 2022"]
[Site "München GER"]
[Date "2022.12.27"]
[Round "2"]
[White "Lu, Yunong Elias"]
[Black "Mandalka, Justus"]
[Result "1-0"]
[Termination "normal"]
[Board "3.1"]
[WhiteElo "1678"]
[BlackElo "1484"]
[WhiteClock "01:02:00"]
[BlackClock "00:10:14"]
[WhiteTeam "Hamburger SK von 1830"]
[BlackTeam "SK Bad Homburg 1927"]
[PlyCount "101"]
[WhiteFideId "16276426"]
[BlackFideId "16298144"]
[EventCountry "GER"]
[EventRounds "7"]
[EventType "team-swiss"]
[EventDate "2022.12.26"]

1. c4 {[%clk 01:30:57]} {[%emt 00:00:02]} c5 {[%clk 01:30:56]} {[%emt
00:00:04]} 2. g3 {[%clk 01:31:21]} {[%emt 00:00:05]} g6 {[%clk 01:30:50]}
{[%emt 00:00:36]} 3. Bg2 {[%clk 01:31:42]} {[%emt 00:00:10]} Bg7 {[%clk
01:30:43]} {[%emt 00:00:37]} 4. Nc3 {[%clk 01:31:53]} {[%emt 00:00:19]} Nc6
{[%clk 01:30:04]} {[%emt 00:01:09]} 5. e3 {[%clk 01:32:06]} {[%emt 00:00:17]}
Nh6 {[%clk 01:22:19]} {[%emt 00:08:15]} 6. Nge2 {[%clk 01:30:29]} {[%emt
00:02:06]} Nf5 {[%clk 01:20:48]} {[%emt 00:02:02]} 7. d3 {[%clk 01:30:02]}
{[%emt 00:00:56]} b6 {[%clk 01:17:22]} {[%emt 00:03:57]} 8. b3 {[%clk
01:29:06]} {[%emt 00:01:27]} Bb7 {[%clk 01:16:57]} {[%emt 00:00:55]} 9. Bb2
{[%clk 01:28:54]} {[%emt 00:00:41]} O-O {[%clk 01:15:20]} {[%emt 00:02:07]} 10.
Qd2 {[%clk 01:29:02]} {[%emt 00:00:22]} d6 {[%clk 01:09:43]} {[%emt 00:06:08]}
11. O-O {[%clk 01:28:00]} {[%emt 00:01:31]} h5 {[%clk 01:04:20]} {[%emt
00:05:54]} 12. d4 {[%clk 01:25:27]} {[%emt 00:03:03]} Rb8 {[%clk 00:58:22]}
{[%emt 00:06:29]} 13. d5 {[%clk 01:23:42]} {[%emt 00:02:14]} Ne5 {[%clk
00:57:57]} {[%emt 00:00:55]} 14. e4 {[%clk 01:23:36]} {[%emt 00:00:35]} Nh6
{[%clk 00:57:31]} {[%emt 00:00:56]} 15. f4 {[%clk 01:22:48]} {[%emt 00:01:18]}
Nd7 {[%clk 00:57:05]} {[%emt 00:00:57]} 16. Nd1 {[%clk 01:19:30]} {[%emt
00:03:48]} b5 {[%clk 00:50:22]} {[%emt 00:07:12]} 17. cxb5 {[%clk 01:18:27]}
{[%emt 00:01:33]} Qb6 {[%clk 00:50:17]} {[%emt 00:00:35]} 18. Bxg7 {[%clk
01:18:11]} {[%emt 00:00:46]} Kxg7 {[%clk 00:50:40]} {[%emt 00:00:06]} 19. Qc3
{[%clk 01:17:12]} {[%emt 00:01:29]} f6 {[%clk 00:50:14]} {[%emt 00:00:56]} 20.
a4 {[%clk 01:15:48]} {[%emt 00:01:55]} c4 {[%emt 00:04:01]} 21. Nd4 {[%clk
01:15:55]} {[%emt 00:00:22]} cxb3 {[%clk 00:42:38]} {[%emt 00:04:36]} 22. Kh1
{[%clk 01:16:11]} {[%emt 00:00:14]} Rfc8 {[%clk 00:37:02]} {[%emt 00:06:07]}
23. Ne6 {[%clk 01:15:26]} {[%emt 00:01:14]} Kh7 {[%clk 00:37:12]} {[%emt
00:00:20]} 24. Qxb3 {[%clk 01:15:29]} {[%emt 00:00:27]} Nc5 {[%clk 00:37:02]}
{[%emt 00:00:39]} 25. Nxc5 {[%clk 01:14:59]} {[%emt 00:01:01]} Qxc5 {[%clk
00:36:15]} {[%emt 00:01:18]} 26. Nf2 {[%clk 01:13:09]} {[%emt 00:02:19]} Qc3
{[%clk 00:33:33]} {[%emt 00:03:12]} 27. Qd1 {[%clk 01:10:51]} {[%emt 00:02:47]}
Qa5 {[%clk 00:28:31]} {[%emt 00:05:33]} 28. f5 {[%clk 01:09:45]} {[%emt
00:01:36]} gxf5 {[%clk 00:26:43]} {[%emt 00:02:18]} 29. exf5 {[%clk 01:08:19]}
{[%emt 00:01:57]} Rc5 {[%clk 00:25:44]} {[%emt 00:01:29]} 30. Qxh5 {[%clk
01:08:15]} {[%emt 00:00:33]} Rg8 {[%clk 00:26:08]} {[%emt 00:00:06]} 31. Rfe1
{[%clk 01:08:00]} {[%emt 00:00:45]} Qc7 {[%clk 00:25:27]} {[%emt 00:01:12]} 32.
Rad1 {[%clk 01:07:39]} {[%emt 00:00:50]} Rg5 {[%clk 00:18:29]} {[%emt
00:07:28]} 33. Qh3 {[%clk 01:06:51]} {[%emt 00:01:18]} Rg7 {[%clk 00:17:15]}
{[%emt 00:01:44]} 34. Bf3 {[%clk 00:59:32]} {[%emt 00:07:49]} Rc4 {[%clk
00:16:56]} {[%emt 00:00:50]} 35. Kg2 {[%clk 00:58:22]} {[%emt 00:01:40]} Bc8
{[%clk 00:13:17]} {[%emt 00:04:09]} 36. Be4 {[%clk 00:49:29]} {[%emt 00:09:22]}
Rxe4 {[%clk 00:07:57]} {[%emt 00:05:51]} 37. Nxe4 {[%clk 00:46:34]} {[%emt
00:03:25]} Bxf5 {[%clk 00:08:20]} {[%emt 00:00:06]} 38. Qh4 {[%clk 00:37:30]}
{[%emt 00:09:34]} Rg4 {[%clk 00:08:40]} {[%emt 00:00:10]} 39. Nxf6 {[%clk
00:37:17]} {[%emt 00:00:43]} exf6 {[%clk 00:08:56]} {[%emt 00:00:15]} 40. Qxf6
{[%clk 00:37:46]} Be4 {[%clk 00:05:47]} {[%emt 00:03:39]} 41. Kg1 {[%clk
00:34:33]} {[%emt 00:03:43]} Qc2 {[%clk 00:01:00]} {[%emt 00:05:16]} 42. Qf2
{[%clk 00:34:06]} {[%emt 00:00:57]} Qxa4 {[%clk 00:21:00]} {[%emt 00:10:30]}
43. Rd4 {[%clk 01:02:55]} {[%emt 00:01:42]} Qb3 {[%clk 00:12:05]} {[%emt
00:09:24]} 44. Rdxe4 {[%clk 01:02:57]} {[%emt 00:00:28]} Rxe4 {[%clk 00:12:16]}
{[%emt 00:00:19]} 45. Rxe4 {[%clk 01:03:09]} {[%emt 00:00:18]} Qxd5 {[%clk
00:12:18]} {[%emt 00:00:29]} 46. Qxa7 {[%clk 01:02:48]} {[%emt 00:00:51]} Kg6
{[%clk 00:12:38]} {[%emt 00:00:09]} 47. Qe3 {[%clk 01:03:09]} {[%emt 00:00:09]}
Nf5 {[%clk 00:12:14]} {[%emt 00:00:55]} 48. Qe2 {[%clk 01:02:48]} {[%emt
00:00:50]} Qc5 {[%clk 00:12:06]} {[%emt 00:00:39]} 49. Kg2 {[%clk 01:03:01]}
{[%emt 00:00:16]} Qd5 {[%clk 00:11:34]} {[%emt 00:01:03]} 50. b6 {[%clk
01:02:31]} {[%emt 00:01:00]} Qc6 {[%clk 00:10:14]} {[%emt 00:01:50]} 51. Kh3
{[%clk 01:02:00]} {[%emt 00:01:00]} 1-0

[Event "DVM U12 2022"]
[Site "München GER"]
[Date "2022.12.27"]
[Round "2"]
[White "Glavev, Danail"]
[Black "Braun, Julian"]
[Result "0-1"]
[Termination "normal"]
[Board "3.2"]
[WhiteElo "1435"]
[BlackElo "1683"]
[WhiteClock "01:02:17"]
[BlackClock "01:06:02"]
[WhiteTeam "SK Bad Homburg 1927"]
[BlackTeam "Hamburger SK von 1830"]
[PlyCount "42"]
[WhiteFideId "34610995"]
[BlackFideId "16289293"]
[EventCountry "GER"]
[EventRounds "7"]
[EventType "team-swiss"]
[EventDate "2022.12.26"]

1. e4 {[%clk 01:30:58]} {[%emt 00:00:02]} e5 {[%clk 01:30:58]} {[%emt
00:00:02]} 2. Nf3 {[%clk 01:31:23]} {[%emt 00:00:04]} Nc6 {[%clk 01:31:25]}
{[%emt 00:00:03]} 3. Bc4 {[%clk 01:31:43]} {[%emt 00:00:11]} Bc5 {[%clk
01:31:53]} {[%emt 00:00:02]} 4. Nc3 {[%clk 01:31:56]} {[%emt 00:00:16]} d6
{[%clk 01:31:53]} {[%emt 00:00:30]} 5. h3 {[%clk 01:32:17]} {[%emt 00:00:10]}
Nf6 {[%clk 01:31:44]} {[%emt 00:00:39]} 6. d3 {[%clk 01:32:44]} {[%emt
00:00:03]} h6 {[%clk 01:31:08]} {[%emt 00:01:07]} 7. Be3 {[%clk 01:32:59]}
{[%emt 00:00:15]} Bb6 {[%clk 01:30:20]} {[%emt 00:01:17]} 8. Qd2 {[%clk
01:33:12]} {[%emt 00:00:16]} Ne7 {[%clk 01:27:26]} {[%emt 00:03:24]} 9. O-O
{[%clk 01:33:02]} {[%emt 00:00:41]} Ng6 {[%clk 01:26:18]} {[%emt 00:01:38]} 10.
Na4 {[%clk 01:33:09]} {[%emt 00:00:23]} c6 {[%clk 01:25:06]} {[%emt 00:01:42]}
11. Nxb6 {[%clk 01:33:21]} {[%emt 00:00:17]} axb6 {[%clk 01:25:30]} {[%emt
00:00:06]} 12. a3 {[%clk 01:33:34]} {[%emt 00:00:17]} O-O {[%clk 01:23:45]}
{[%emt 00:02:15]} 13. c3 {[%clk 01:33:12]} {[%emt 00:00:54]} Re8 {[%clk
01:18:38]} {[%emt 00:05:36]} 14. Qc2 {[%clk 01:33:08]} {[%emt 00:00:33]} Nh5
{[%clk 01:16:44]} {[%emt 00:02:24]} 15. Qb3 {[%clk 01:33:19]} {[%emt 00:00:19]}
Qf6 {[%clk 01:15:49]} {[%emt 00:01:25]} 16. d4 {[%clk 01:08:43]} {[%emt
00:25:07]} b5 {[%clk 01:08:28]} {[%emt 00:07:50]} 17. Bd3 {[%clk 01:07:26]}
{[%emt 00:01:46]} Ngf4 {[%clk 01:07:42]} {[%emt 00:01:16]} 18. dxe5 {[%clk
01:05:20]} {[%emt 00:02:37]} dxe5 {[%clk 01:07:41]} {[%emt 00:00:30]} 19. Bxf4
{[%clk 01:04:33]} {[%emt 00:01:17]} Nxf4 {[%clk 01:08:06]} {[%emt 00:00:05]}
20. Qc2 {[%clk 01:03:07]} {[%emt 00:01:56]} Qg6 {[%clk 01:06:24]} {[%emt
00:02:12]} 21. Kh2 {[%clk 01:02:17]} {[%emt 00:01:21]} Qxg2# {[%clk 01:06:02]}
{[%emt 00:00:52]} 0-1